Get the Picture: Mammal or Reptile Quiz Stats

 Plays Quiz Updated Jun 2, 2019

Score 0/16 Timer 01:30
4 Plays Today
Question Answer Wrong Answers
Gila Monster Reptile
93.7%
Mammal
3.1%
Mamba Reptile
85.2%
Mammal
11.6%
Caiman Reptile
84.9%
Mammal
12%
Okapi Mammal
84.2%
Reptile
12.1%
Gnu Mammal
84.2%
Reptile
12.6%
Platypus Mammal
83.4%
Reptile
13.3%
Terrapin Reptile
81%
Mammal
15.5%
Goanna Reptile
76.3%
Mammal
20.5%
Civet Mammal
74.9%
Reptile
21.5%
Tuatara Reptile
73.5%
Mammal
23.2%
Dugong Mammal
71.8%
Reptile
24.7%
Skink Reptile
71.7%
Mammal
24.9%
Caracal Mammal
68.7%
Reptile
28.4%
Gharial Reptile
68%
Mammal
28.7%
Echidna Mammal
64%
Reptile
32.9%
Kinkajou Mammal
62.7%
Reptile
34%

Today's Daily Dose

You're not logged in!

Compare scores with friends on all Sporcle quizzes.
OR
Log In

Sporcle TV

Today on Sporcle TV


Watch our educational content, quiz creation guides, and fun videos on Sporcle TV.

Show Comments

Extras

Top Quizzes Today


Score Distribution

Your Account Isn't Verified!

In order to create a playlist on Sporcle, you need to verify the email address you used during registration. Go to your Sporcle Settings to finish the process.

Report this User

Report this user for behavior that violates our Community Guidelines.

Details: